书目信息 |
| 题名: |
WTO案例及评析
|
|
| 作者: | 韩立余 编著 | |
| 分册: | ||
| 出版信息: | 北京 中国人民大学出版社 2004 |
|
| 页数: | 681页 | |
| 开本: | 21cm | |
| 丛书名: | ||
| 单 册: | ||
| 中图分类: | D996.1 , F743 , F744 | |
| 科图分类: | ||
| 主题词: | 世界贸易组织--国际贸易--案例 , 世界贸易组织 | |
| 电子资源: | ||
| ISBN: | 7-300-05405-6 | |
| 000 | 00947nam0 2200289 450 | |
| 000 | 00954nam0 2200277 450 | |
| 000 | 00887nam0 2200253 450 | |
| 000 | 00851oam2 2200241 45 | |
| 005 | 20070724173510.54 | |
| 010 | @a7-300-05405-6@dCNY29.00 | |
| 100 | @a20070719d2004 em y0chiy0120 ea | |
| 101 | 0 | @achi |
| 102 | @aCN@b110000 | |
| 105 | @ay z 000yy | |
| 200 | 1 | @aWTO案例及评析@AWTO An Li Ji Ping Xi@e2001@f韩立余编著@FHan Li Yu Bian Zhu |
| 210 | @a北京@c中国人民大学出版社@d2004 | |
| 215 | @a681页@d21cm | |
| 330 | @a本书就世界贸易争端解决机构于2001年通过的九起案件进行评述,提供案例的基本案情与事实概况、并介绍争端涉及的有关协议条款等。 | |
| 510 | 1 | @aWTO Cases and Analysis@zeng |
| 606 | 0 | @a世界贸易组织@x国际贸易@x案例 |
| 606 | 0 | @a世界贸易组织 |
| 690 | @aD996.1@v4 | |
| 690 | @aF743@v4 | |
| 690 | @aF744@v3 | |
| 701 | 0 | @a韩立余@AHan Li Yu@f(1965~)@4编著 |
| 801 | 0 | @aCN@bTAOJIN@c20070724 |
| 905 | @a10447@dF744@e86 | |
| WTO案例及评析:2001/韩立余编著.-北京:中国人民大学出版社,2004 |
| 681页;21cm |
| ISBN 7-300-05405-6:CNY29.00 |
| 本书就世界贸易争端解决机构于2001年通过的九起案件进行评述,提供案例的基本案情与事实概况、并介绍争端涉及的有关协议条款等。 |
| ● |
| 相关链接 |
|
|
|
|
正题名:WTO案例及评析
索取号:F744/86
 
预约/预借
| 序号 | 登录号 | 条形码 | 馆藏地/架位号 | 状态 | 备注 |
| 1 | 0824649 | 208246496 | 第一样本阅览室/ [索取号:F744/86] | 在馆 | |
| 2 | 0824650 | 208246502 | 第一借阅区/ [索取号:F744/86] | 在馆 | |
| 3 | 0824651 | 208246511 | 密集书库/ [索取号:F744/86] | 在馆 | |
| 4 | 0824652 | 208246520 | 第一借阅区/ [索取号:F744/86] | 在馆 | |
| 5 | 0824653 | 208246539 | 第一借阅区/ [索取号:F744/86] | 在馆 | |
| 6 | 0824654 | 208246548 | 密集书库/ [索取号:F744/86] | 在馆 | |
| 7 | 0824655 | 208246557 | 第一借阅区/ [索取号:F744/86] | 在馆 | |
| 8 | 0824656 | 208246566 | 第一借阅区/ [索取号:F744/86] | 在馆 |